000 00669cam a2200265 4500
001 J2767
008 090401t1994 xxu||||| |||| 00| 0 eng d
035 _a(Sirsi) u51109
041 _aeng
050 _a338.181
110 _aSavills
_92020
245 _aCAP summary. - December update as at 12/12/94.
260 _aLondon
_bSavills
_c1994
300 _a(4)p. ; 30cm.
350 _a0
650 _aARABLE AREA PAYMENTS SCHEME
650 _aBEEF QUOTAS
650 _aCOMMON AGRICULTURAL POLICY
650 _aSET-ASIDE
650 _aSHEEP QUOTAS
650 _aSUCKLER COW PREMIUM QUOTAS
690 _aRURAL PRACTICE
942 _n0
948 _c04/03/1997
999 _c92818
_d92818